| 000 | 00496nam a2200181Ia 4500 | ||
|---|---|---|---|
| 999 |
_c1674 _d1674 |
||
| 003 | OSt | ||
| 005 | 20200925095332.0 | ||
| 008 | 190216s9999||||xx |||||||||||||| ||und|| | ||
| 020 | _a8171337201 | ||
| 040 | _coclc | ||
| 082 |
_a570 _bRAN/B |
||
| 100 |
_aRana, S V S _94973 |
||
| 245 | 0 |
_aBiotechniques Theory & Practice / _cS V S Rana |
|
| 260 |
_bRasthogi Publications, _aMeerut: _c2004. |
||
| 300 | _a259p | ||
| 650 | _aBotany | ||
| 942 |
_cBK _2ddc _h570 _iRAN/B _k570 _mRAN/B |
||